Normal view
MARC view
Entry Uniform Title
001 - CONTROL NUMBER
- control field: 37819
003 - CONTROL NUMBER IDENTIFIER
- control field: dpl
005 - DATE AND TIME OF LATEST TRANSACTION
- control field: 20120102155143.0
008 - FIXED-LENGTH DATA ELEMENTS
- fixed length control field: 120102|||a|||||| | ||| d
040 ## - CATALOGING SOURCE
- Original cataloging agency: dpl
- Transcribing agency: dpl
130 ## - HEADING--UNIFORM TITLE
- Uniform title: Action Sports
670 ## - SOURCE DATA FOUND
- Source citation: Work cat.: (dpl)58592: Herran, Joe 37818, Formula one car racing /, 2003
670 ## - SOURCE DATA FOUND
- Source citation: Work cat.: (dpl)58592: Herran, Joe 37818, Formula one car racing /, 2003
